[Event "DEM U10 2025"]
[Site "Willingen GER"]
[Date "2025.06.14"]
[Round "9"]
[White "Alloussi, Arian"]
[Black "Ranganathan, Aadith"]
[Result "1/2-1/2"]
[Termination "normal"]
[Board "1"]
[WhiteElo "1851"]
[BlackElo "1824"]
[WhiteClock "00:26:32"]
[BlackClock "01:01:43"]
[PlyCount "96"]
[WhiteFideId "34637788"]
[BlackFideId "34667121"]
[EventCountry "GER"]
[EventRounds "9"]
[EventType "swiss"]
[EventDate "2025.06.07"]

1. e4 {[%clk 01:30:58]} {[%emt 00:00:02]} c6 {[%clk 01:30:54]} {[%emt
00:00:07]} 2. d4 {[%clk 01:31:08]} {[%emt 00:00:20]} d5 {[%clk 01:31:20]}
{[%emt 00:00:04]} 3. e5 {[%clk 01:31:20]} {[%emt 00:00:17]} c5 {[%clk
01:31:44]} {[%emt 00:00:07]} 4. dxc5 {[%clk 01:31:24]} {[%emt 00:00:25]} e6
{[%clk 01:32:08]} {[%emt 00:00:06]} 5. c3 {[%clk 01:31:41]} {[%emt 00:00:13]}
Nd7 {[%clk 01:31:03]} {[%emt 00:01:36]} 6. Bf4 {[%clk 01:28:29]} {[%emt
00:03:41]} Ne7 {[%clk 01:28:46]} {[%emt 00:02:47]} 7. Nf3 {[%clk 01:25:57]}
{[%emt 00:03:01]} Ng6 {[%clk 01:25:52]} {[%emt 00:03:25]} 8. Bg3 {[%clk
01:23:23]} {[%emt 00:03:04]} Bxc5 {[%clk 01:25:23]} {[%emt 00:01:00]} 9. Bd3
{[%clk 01:21:45]} {[%emt 00:02:07]} a6 {[%clk 01:24:13]} {[%emt 00:01:41]} 10.
O-O {[%clk 01:18:21]} {[%emt 00:03:53]} Bb6 {[%clk 01:12:23]} {[%emt 00:12:20]}
11. Re1 {[%clk 01:09:40]} {[%emt 00:09:11]} Nc5 {[%clk 01:10:53]} {[%emt
00:02:00]} 12. Bc2 {[%clk 01:09:44]} {[%emt 00:00:26]} O-O {[%clk 01:04:46]}
{[%emt 00:06:38]} 13. b4 {[%clk 01:08:11]} {[%emt 00:02:02]} Ne4 {[%clk
01:02:43]} {[%emt 00:02:31]} 14. Bxe4 {[%clk 01:06:57]} {[%emt 00:01:47]} dxe4
{[%clk 01:03:11]} {[%emt 00:00:02]} 15. Nd4 {[%clk 01:05:22]} {[%emt 00:02:04]}
Bd7 {[%clk 01:02:08]} {[%emt 00:01:33]} 16. Nd2 {[%clk 01:02:12]} {[%emt
00:03:40]} Bxd4 {[%clk 00:59:49]} {[%emt 00:02:49]} 17. cxd4 {[%clk 01:01:23]}
{[%emt 00:01:19]} Bc6 {[%clk 01:00:08]} {[%emt 00:00:12]} 18. Nxe4 {[%clk
00:59:32]} {[%emt 00:02:20]} Bxe4 {[%clk 00:59:27]} {[%emt 00:01:12]} 19. Rxe4
{[%clk 00:59:45]} {[%emt 00:00:16]} Qd5 {[%clk 00:59:51]} {[%emt 00:00:06]} 20.
f3 {[%clk 00:57:09]} {[%emt 00:03:07]} Rac8 {[%clk 00:59:41]} {[%emt 00:00:39]}
21. a3 {[%clk 00:45:59]} {[%emt 00:11:41]} Rc4 {[%clk 00:59:25]} {[%emt
00:00:46]} 22. Rc1 {[%clk 00:45:18]} {[%emt 00:01:11]} Rfc8 {[%clk 00:59:42]}
{[%emt 00:00:13]} 23. Rxc4 {[%clk 00:44:24]} {[%emt 00:01:24]} Rxc4 {[%clk
01:00:03]} {[%emt 00:00:09]} 24. Be1 {[%clk 00:38:57]} {[%emt 00:05:56]} h6
{[%clk 00:59:18]} {[%emt 00:01:15]} 25. g3 {[%clk 00:37:18]} {[%emt 00:02:09]}
Ne7 {[%clk 00:59:06]} {[%emt 00:00:43]} 26. Qd3 {[%clk 00:33:01]} {[%emt
00:04:46]} Nf5 {[%clk 00:57:34]} {[%emt 00:02:02]} 27. Bf2 {[%clk 00:31:38]}
{[%emt 00:01:53]} Rc1+ {[%clk 00:57:09]} {[%emt 00:00:55]} 28. Kg2 {[%clk
00:31:26]} {[%emt 00:00:42]} b5 {[%clk 00:54:31]} {[%emt 00:03:09]} 29. g4
{[%clk 00:28:23]} {[%emt 00:03:32]} Ne7 {[%clk 00:54:17]} {[%emt 00:00:43]} 30.
Re1 {[%clk 00:26:16]} {[%emt 00:02:38]} Rxe1 {[%clk 00:54:25]} {[%emt
00:00:23]} 31. Bxe1 {[%clk 00:26:29]} {[%emt 00:00:16]} Ng6 {[%clk 00:54:42]}
{[%emt 00:00:13]} 32. Qe3 {[%clk 00:25:14]} {[%emt 00:01:46]} Qa2+ {[%clk
00:53:44]} {[%emt 00:01:28]} 33. Bf2 {[%clk 00:24:00]} {[%emt 00:01:43]} Ne7
{[%clk 00:50:07]} {[%emt 00:04:07]} 34. Kg3 {[%clk 00:21:33]} {[%emt 00:02:57]}
Nd5 {[%clk 00:46:53]} {[%emt 00:03:44]} 35. Qc1 {[%clk 00:18:50]} {[%emt
00:03:13]} Kh7 {[%clk 00:46:26]} {[%emt 00:00:57]} 36. h4 {[%clk 00:14:59]}
{[%emt 00:04:22]} Qb3 {[%clk 00:43:05]} {[%emt 00:03:51]} 37. h5 {[%clk
00:10:17]} {[%emt 00:05:11]} Nc3 {[%clk 00:41:50]} {[%emt 00:01:46]} 38. Qe3
{[%clk 00:09:11]} {[%emt 00:01:36]} Qc4 {[%clk 00:39:30]} {[%emt 00:02:50]} 39.
g5 {[%clk 00:03:12]} {[%emt 00:06:25]} hxg5 {[%clk 00:39:34]} {[%emt 00:00:29]}
40. Qxg5 {[%clk 00:03:34]} {[%emt 00:00:08]} Qf1 {[%clk 00:39:55]} {[%emt
00:00:10]} 41. Qh4 {[%clk 00:02:28]} {[%emt 00:01:30]} Ne2+ {[%clk 00:36:23]}
{[%emt 00:04:08]} 42. Kh2 {[%clk 00:00:59]} {[%emt 00:01:58]} Nc3 {[%clk
00:36:23]} {[%emt 00:00:31]} 43. Kg3 {[%clk 00:28:39]} {[%emt 00:02:49]} Qe2
{[%clk 01:00:15]} {[%emt 00:06:39]} 44. h6 {[%clk 00:25:33]} {[%emt 00:03:35]}
gxh6 {[%clk 01:00:36]} {[%emt 00:00:09]} 45. Qf6 {[%clk 00:25:53]} {[%emt
00:00:10]} Kg8 {[%clk 01:00:44]} {[%emt 00:00:22]} 46. Qd8+ {[%clk 00:25:47]}
{[%emt 00:00:36]} Kg7 {[%clk 01:00:55]} {[%emt 00:00:19]} 47. Qf6+ {[%clk
00:26:09]} {[%emt 00:00:06]} Kg8 {[%clk 01:01:18]} {[%emt 00:00:09]} 48. Qd8+
{[%clk 00:26:32]} {[%emt 00:00:06]} Kg7 {[%clk 01:01:43]} {[%emt 00:00:05]}
1/2-1/2

[Event "DEM U10 2025"]
[Site "Willingen GER"]
[Date "2025.06.14"]
[Round "9"]
[White "Blem, Alexander jun."]
[Black "Wolf, Adam"]
[Result "1-0"]
[Termination "normal"]
[Board "2"]
[WhiteElo "1417"]
[BlackElo "1656"]
[WhiteClock "00:39:22"]
[BlackClock "00:10:05"]
[PlyCount "157"]
[WhiteFideId "34674926"]
[BlackFideId "34623426"]
[EventCountry "GER"]
[EventRounds "9"]
[EventType "swiss"]
[EventDate "2025.06.07"]

1. e4 {[%clk 01:30:59]} {[%emt 00:00:01]} c6 {[%clk 01:30:56]} {[%emt
00:00:04]} 2. d4 {[%clk 01:31:26]} {[%emt 00:00:03]} d5 {[%clk 01:31:23]}
{[%emt 00:00:03]} 3. Nc3 {[%clk 01:31:52]} {[%emt 00:00:03]} dxe4 {[%clk
01:31:50]} {[%emt 00:00:04]} 4. Nxe4 {[%clk 01:32:20]} {[%emt 00:00:02]} Bf5
{[%clk 01:32:12]} {[%emt 00:00:08]} 5. Ng3 {[%clk 01:32:43]} {[%emt 00:00:08]}
Bg6 {[%clk 01:32:38]} {[%emt 00:00:03]} 6. h4 {[%clk 01:33:09]} {[%emt
00:00:04]} h6 {[%clk 01:33:05]} {[%emt 00:00:04]} 7. Nf3 {[%clk 01:33:35]}
{[%emt 00:00:03]} e6 {[%clk 01:33:00]} {[%emt 00:00:36]} 8. Bf4 {[%clk
01:34:00]} {[%emt 00:00:04]} Nf6 {[%clk 01:32:56]} {[%emt 00:00:34]} 9. Bd3
{[%clk 01:34:26]} {[%emt 00:00:04]} Bxd3 {[%clk 01:33:07]} {[%emt 00:00:19]}
10. Qxd3 {[%clk 01:34:48]} {[%emt 00:00:08]} Bb4+ {[%clk 01:32:35]} {[%emt
00:01:02]} 11. c3 {[%clk 01:35:06]} {[%emt 00:00:12]} Bd6 {[%clk 01:33:01]}
{[%emt 00:00:04]} 12. Bxd6 {[%clk 01:35:32]} {[%emt 00:00:04]} Qxd6 {[%clk
01:33:24]} {[%emt 00:00:07]} 13. O-O {[%clk 01:35:56]} {[%emt 00:00:06]} Nbd7
{[%clk 01:33:16]} {[%emt 00:00:38]} 14. Rad1 {[%clk 01:36:10]} {[%emt
00:00:16]} O-O {[%clk 01:33:24]} {[%emt 00:00:22]} 15. Ne4 {[%clk 01:36:23]}
{[%emt 00:00:17]} Nxe4 {[%clk 01:33:25]} {[%emt 00:00:29]} 16. Qxe4 {[%clk
01:36:49]} {[%emt 00:00:04]} Nf6 {[%clk 01:33:12]} {[%emt 00:00:43]} 17. Qe5
{[%clk 01:37:15]} {[%emt 00:00:04]} Rad8 {[%clk 01:32:12]} {[%emt 00:01:30]}
18. Rfe1 {[%clk 01:35:51]} {[%emt 00:01:55]} Rfe8 {[%clk 01:28:54]} {[%emt
00:03:48]} 19. a3 {[%clk 01:27:53]} {[%emt 00:08:28]} b6 {[%clk 01:26:45]}
{[%emt 00:02:38]} 20. Rc1 {[%clk 01:14:59]} {[%emt 00:13:24]} Qxe5 {[%clk
01:11:28]} {[%emt 00:15:46]} 21. Nxe5 {[%clk 01:15:15]} {[%emt 00:00:14]} Rc8
{[%clk 01:11:30]} {[%emt 00:00:28]} 22. Nc4 {[%clk 01:14:25]} {[%emt 00:01:20]}
Red8 {[%clk 01:10:58]} {[%emt 00:01:03]} 23. g3 {[%clk 01:14:15]} {[%emt
00:00:41]} c5 {[%clk 01:09:56]} {[%emt 00:01:32]} 24. dxc5 {[%clk 01:14:06]}
{[%emt 00:00:38]} Rxc5 {[%clk 01:07:44]} {[%emt 00:02:41]} 25. Ne3 {[%clk
01:14:23]} {[%emt 00:00:12]} Ne4 {[%clk 01:01:44]} {[%emt 00:06:32]} 26. Nf1
{[%clk 01:11:46]} {[%emt 00:03:07]} Nd2 {[%clk 01:01:42]} {[%emt 00:00:31]} 27.
Re2 {[%clk 01:11:23]} {[%emt 00:00:54]} Rcd5 {[%clk 01:00:52]} {[%emt
00:01:20]} 28. Nxd2 {[%clk 01:10:48]} {[%emt 00:01:05]} Rxd2 {[%clk 01:01:17]}
{[%emt 00:00:06]} 29. Rc2 {[%clk 01:11:15]} {[%emt 00:00:02]} Rd1+ {[%clk
01:00:01]} {[%emt 00:01:46]} 30. Kg2 {[%clk 01:11:40]} {[%emt 00:00:05]} Kf8
{[%clk 00:59:19]} {[%emt 00:01:11]} 31. Kf3 {[%clk 01:11:52]} {[%emt 00:00:19]}
Ke7 {[%clk 00:59:14]} {[%emt 00:00:36]} 32. Re3 {[%clk 01:11:57]} {[%emt
00:00:24]} R1d2 {[%clk 00:57:59]} {[%emt 00:01:45]} 33. Re2 {[%clk 01:12:23]}
{[%emt 00:00:04]} R8d3+ {[%clk 00:57:07]} {[%emt 00:01:21]} 34. Kg2 {[%clk
01:12:36]} {[%emt 00:00:18]} Rd1 {[%clk 00:57:17]} {[%emt 00:00:20]} 35. Re4
{[%emt 00:04:50]} f5 {[%clk 00:54:37]} 36. Re5 {[%clk 01:10:57]} {[%emt
00:00:59]} R1d2 {[%clk 00:54:26]} {[%emt 00:00:41]} 37. Re2 {[%clk 01:11:22]}
{[%emt 00:00:05]} Rxc2 {[%clk 00:53:34]} {[%emt 00:01:22]} 38. Rxc2 {[%clk
01:11:47]} {[%emt 00:00:05]} g5 {[%clk 00:53:52]} {[%emt 00:00:11]} 39. hxg5
{[%clk 01:12:10]} {[%emt 00:00:07]} hxg5 {[%clk 00:54:16]} {[%emt 00:00:07]}
40. Kf1 {[%clk 01:12:33]} {[%emt 00:00:06]} e5 {[%clk 00:53:52]} {[%emt
00:00:55]} 41. Ke2 {[%clk 01:12:58]} {[%emt 00:00:04]} e4 {[%clk 00:54:12]}
{[%emt 00:00:11]} 42. Rc1 {[%clk 01:13:01]} {[%emt 00:00:27]} Rd7 {[%clk
00:51:07]} {[%emt 00:03:35]} 43. Rh1 {[%clk 01:13:23]} {[%emt 00:00:07]} Kf6
{[%clk 00:51:12]} {[%emt 00:00:25]} 44. Rh6+ {[%clk 01:13:49]} {[%emt
00:00:05]} Ke5 {[%clk 00:49:26]} {[%emt 00:02:15]} 45. Rg6 {[%clk 01:14:10]}
{[%emt 00:00:09]} g4 {[%clk 00:49:52]} {[%emt 00:00:05]} 46. Rg8 {[%clk
01:13:26]} {[%emt 00:01:14]} Rb7 {[%clk 00:37:51]} {[%emt 00:12:31]} 47. Rd8
{[%clk 01:13:07]} {[%emt 00:00:49]} a5 {[%clk 00:34:55]} {[%emt 00:03:26]} 48.
Rd4 {[%clk 01:12:18]} {[%emt 00:01:19]} Rh7 {[%clk 00:32:13]} {[%emt 00:03:11]}
49. Rd8 {[%clk 01:11:39]} {[%emt 00:01:10]} Rb7 {[%clk 00:31:26]} {[%emt
00:01:17]} 50. Rd4 {[%emt 00:00:28]} f4 {[%clk 00:29:04]} {[%emt 00:02:52]} 51.
gxf4+ {[%clk 01:11:56]} {[%emt 00:00:16]} Kxf4 {[%clk 00:29:26]} {[%emt
00:00:06]} 52. Rd8 {[%clk 01:12:23]} {[%emt 00:00:03]} Re7 {[%clk 00:23:57]}
{[%emt 00:05:59]} 53. Rf8+ {[%clk 01:12:34]} {[%emt 00:00:21]} Kg5 {[%clk
00:22:05]} {[%emt 00:02:21]} 54. Ke3 {[%clk 01:12:37]} {[%emt 00:00:27]} Re6
{[%clk 00:22:22]} {[%emt 00:00:14]} 55. Rf4 {[%clk 01:12:42]} {[%emt 00:00:24]}
Rh6 {[%clk 00:21:46]} {[%emt 00:01:05]} 56. Rxe4 {[%clk 01:12:49]} {[%emt
00:00:23]} Rh3+ {[%clk 00:20:58]} {[%emt 00:01:19]} 57. Ke2 {[%clk 01:12:47]}
{[%emt 00:00:32]} Rh2 {[%clk 00:20:20]} {[%emt 00:01:07]} 58. Re8 {[%clk
01:12:55]} {[%emt 00:00:23]} Kf4 {[%clk 00:18:57]} {[%emt 00:01:53]} 59. Re3
{[%clk 01:11:11]} {[%emt 00:02:14]} Rh3 {[%clk 00:18:38]} {[%emt 00:00:49]} 60.
Re6 {[%clk 01:10:30]} {[%emt 00:01:11]} b5 {[%clk 00:17:57]} {[%emt 00:01:11]}
61. Rf6+ {[%clk 01:08:26]} {[%emt 00:02:34]} Ke4 {[%clk 00:18:07]} {[%emt
00:00:20]} 62. Rd6 {[%clk 01:08:37]} {[%emt 00:00:19]} g3 {[%clk 00:17:13]}
{[%emt 00:01:24]} 63. fxg3 {[%clk 00:38:45]} {[%emt 00:30:21]} Rh2+ {[%clk
00:16:01]} {[%emt 00:01:43]} 64. Kd1 {[%clk 00:39:01]} {[%emt 00:00:14]} Rxb2
{[%clk 00:16:21]} {[%emt 00:00:11]} 65. g4 {[%clk 00:39:17]} {[%emt 00:00:13]}
Kf4 {[%clk 00:14:07]} {[%emt 00:02:44]} 66. Rd4+ {[%clk 00:39:32]} {[%emt
00:00:15]} Kg5 {[%clk 00:14:21]} {[%emt 00:00:16]} 67. a4 {[%clk 00:39:46]}
{[%emt 00:00:16]} Rb3 {[%clk 00:09:26]} {[%emt 00:05:25]} 68. Kc2 {[%clk
00:38:58]} {[%emt 00:01:18]} bxa4 {[%clk 00:09:30]} {[%emt 00:00:26]} 69. Rxa4
{[%emt 00:00:10]} Rb8 {[%clk 00:09:30]} {[%emt 00:00:29]} 70. Rd4 {[%clk
00:39:35]} {[%emt 00:00:15]} Rc8 {[%clk 00:09:09]} {[%emt 00:00:51]} 71. Kb3
{[%clk 00:39:02]} {[%emt 00:01:03]} Rb8+ {[%clk 00:09:21]} {[%emt 00:00:18]}
72. Ka4 {[%clk 00:39:28]} {[%emt 00:00:04]} Rc8 {[%clk 00:09:38]} {[%emt
00:00:13]} 73. c4 {[%clk 00:39:55]} {[%emt 00:00:03]} Rc5 {[%clk 00:08:55]}
{[%emt 00:01:13]} 74. Rd5+ {[%clk 00:39:50]} {[%emt 00:00:35]} Rxd5 {[%clk
00:09:19]} {[%emt 00:00:05]} 75. cxd5 {[%clk 00:40:17]} {[%emt 00:00:03]} Kf6
{[%clk 00:09:34]} {[%emt 00:00:16]} 76. g5+ {[%clk 00:38:03]} {[%emt 00:02:43]}
Kxg5 {[%clk 00:09:30]} {[%emt 00:00:35]} 77. Kxa5 {[%clk 00:38:28]} {[%emt
00:00:04]} Kf6 {[%clk 00:09:44]} {[%emt 00:00:17]} 78. Kb6 {[%clk 00:38:56]}
{[%emt 00:00:03]} Ke7 {[%clk 00:10:05]} {[%emt 00:00:08]} 79. Kc7 {[%clk
00:39:22]} {[%emt 00:00:04]} 1-0

[Event "DEM U10 2025"]
[Site "Willingen GER"]
[Date "2025.06.14"]
[Round "9"]
[White "Mitin, Maximilian"]
[Black "Schmidt, Jan"]
[Result "0-1"]
[Termination "normal"]
[Board "3"]
[WhiteElo "1714"]
[BlackElo "1732"]
[WhiteClock "01:18:58"]
[BlackClock "00:22:14"]
[PlyCount "108"]
[WhiteFideId "533034281"]
[BlackFideId "34625682"]
[EventCountry "GER"]
[EventRounds "9"]
[EventType "swiss"]
[EventDate "2025.06.07"]

1. e4 {[%clk 01:30:52]} {[%emt 00:00:07]} c6 {[%clk 01:30:49]} {[%emt
00:00:11]} 2. Nc3 {[%clk 01:30:40]} {[%emt 00:00:43]} d5 {[%clk 01:30:58]}
{[%emt 00:00:21]} 3. Qf3 {[%clk 01:30:57]} {[%emt 00:00:13]} dxe4 {[%clk
01:28:00]} {[%emt 00:03:28]} 4. Nxe4 {[%clk 01:30:37]} {[%emt 00:00:49]} Nf6
{[%clk 01:28:00]} {[%emt 00:00:30]} 5. Bc4 {[%clk 01:30:03]} {[%emt 00:01:05]}
Nbd7 {[%clk 01:23:40]} {[%emt 00:04:50]} 6. d4 {[%clk 01:28:54]} {[%emt
00:01:39]} Nb6 {[%clk 01:21:50]} {[%emt 00:02:20]} 7. Nxf6+ {[%clk 01:28:41]}
{[%emt 00:00:42]} exf6 {[%clk 01:19:03]} {[%emt 00:03:17]} 8. Bb3 {[%clk
01:28:04]} {[%emt 00:01:07]} Qxd4 {[%clk 01:17:08]} {[%emt 00:02:26]} 9. Ne2
{[%clk 01:28:23]} {[%emt 00:00:11]} Qd8 {[%clk 01:14:58]} {[%emt 00:02:39]} 10.
Bf4 {[%clk 01:28:10]} {[%emt 00:00:43]} Bb4+ {[%clk 01:11:30]} {[%emt
00:03:59]} 11. c3 {[%clk 01:28:18]} {[%emt 00:00:22]} Be7 {[%clk 01:08:53]}
{[%emt 00:03:06]} 12. Rd1 {[%clk 01:28:34]} {[%emt 00:00:14]} Bd7 {[%clk
01:09:04]} {[%emt 00:00:20]} 13. O-O {[%clk 01:28:33]} {[%emt 00:00:30]} O-O
{[%clk 01:09:23]} {[%emt 00:00:11]} 14. Ng3 {[%clk 01:28:51]} {[%emt 00:00:12]}
Qc8 {[%clk 01:08:49]} {[%emt 00:01:05]} 15. Rfe1 {[%clk 01:28:50]} {[%emt
00:00:30]} Bg4 {[%clk 01:07:59]} {[%emt 00:01:20]} 16. Qe4 {[%clk 01:27:12]}
{[%emt 00:02:08]} Bxd1 {[%clk 01:06:53]} {[%emt 00:01:37]} 17. Rxd1 {[%clk
01:27:23]} {[%emt 00:00:19]} Re8 {[%clk 01:01:37]} {[%emt 00:05:45]} 18. Nf5
{[%clk 01:26:59]} {[%emt 00:00:54]} Bf8 {[%clk 00:59:53]} {[%emt 00:02:14]} 19.
Qc2 {[%clk 01:23:05]} {[%emt 00:04:24]} Nd5 {[%clk 00:51:43]} {[%emt 00:08:40]}
20. Bc1 {[%clk 01:21:48]} {[%emt 00:01:47]} Re5 {[%clk 00:40:15]} {[%emt
00:11:58]} 21. Nd4 {[%clk 01:21:39]} {[%emt 00:00:39]} Qe8 {[%clk 00:39:36]}
{[%emt 00:01:09]} 22. Nf3 {[%clk 01:21:09]} {[%emt 00:01:00]} Re6 {[%clk
00:30:30]} {[%emt 00:09:37]} 23. Qd3 {[%clk 01:20:37]} {[%emt 00:01:02]} Bc5
{[%clk 00:21:35]} {[%emt 00:09:25]} 24. Kf1 {[%clk 01:20:08]} {[%emt 00:00:58]}
Qe7 {[%clk 00:20:28]} {[%emt 00:01:37]} 25. Bxd5 {[%clk 01:19:50]} {[%emt
00:00:48]} cxd5 {[%clk 00:20:40]} {[%emt 00:00:19]} 26. Qxd5 {[%clk 01:20:07]}
{[%emt 00:00:13]} Re8 {[%clk 00:20:00]} {[%emt 00:01:10]} 27. Be3 {[%clk
01:16:55]} {[%emt 00:03:42]} Bxe3 {[%clk 00:17:29]} {[%emt 00:03:01]} 28. fxe3
{[%clk 01:16:41]} {[%emt 00:00:43]} Rxe3 {[%clk 00:17:23]} {[%emt 00:00:37]}
29. Qd2 {[%clk 01:14:31]} {[%emt 00:02:39]} Re2 {[%clk 00:16:14]} {[%emt
00:01:39]} 30. Qc1 {[%clk 01:14:37]} {[%emt 00:00:24]} Qe4 {[%clk 00:13:33]}
{[%emt 00:03:11]} 31. Re1 {[%clk 01:11:46]} {[%emt 00:03:21]} Rxe1+ {[%clk
00:13:46]} {[%emt 00:00:18]} 32. Qxe1 {[%clk 01:12:11]} {[%emt 00:00:04]} Qc4+
{[%clk 00:13:53]} {[%emt 00:00:23]} 33. Kf2 {[%clk 01:11:41]} {[%emt 00:01:00]}
Rxe1 {[%clk 00:14:18]} {[%emt 00:00:06]} 34. Kxe1 {[%clk 01:11:46]} {[%emt
00:00:24]} Qxa2 {[%clk 00:14:41]} {[%emt 00:00:07]} 35. b4 {[%clk 01:12:04]}
{[%emt 00:00:12]} Qxg2 {[%clk 00:15:03]} {[%emt 00:00:09]} 36. Nd4 {[%clk
01:12:22]} {[%emt 00:00:12]} Qxh2 {[%clk 00:15:25]} {[%emt 00:00:07]} 37. Nf3
{[%clk 01:12:42]} {[%emt 00:00:10]} Qb2 {[%clk 00:15:43]} {[%emt 00:00:13]} 38.
b5 {[%clk 01:12:59]} {[%emt 00:00:13]} Qxc3+ {[%clk 00:16:07]} {[%emt
00:00:05]} 39. Nd2 {[%clk 01:13:23]} {[%emt 00:00:06]} Qe5+ {[%clk 00:16:31]}
{[%emt 00:00:07]} 40. Kd1 {[%clk 01:13:47]} {[%emt 00:00:06]} Qxb5 {[%clk
00:16:55]} {[%emt 00:00:06]} 41. Kc2 {[%clk 01:14:10]} {[%emt 00:00:07]} a5
{[%clk 00:17:18]} {[%emt 00:00:07]} 42. Kc1 {[%clk 01:14:35]} {[%emt 00:00:05]}
a4 {[%clk 00:17:45]} {[%emt 00:00:03]} 43. Nb1 {[%clk 01:14:56]} {[%emt
00:00:09]} Qb3 {[%clk 00:17:59]} {[%emt 00:00:16]} 44. Nd2 {[%clk 01:15:14]}
{[%emt 00:00:11]} Qc3+ {[%clk 00:18:23]} {[%emt 00:00:07]} 45. Kd1 {[%clk
01:15:38]} {[%emt 00:00:05]} a3 {[%clk 00:18:48]} {[%emt 00:00:05]} 46. Nb1
{[%clk 01:16:01]} {[%emt 00:00:07]} Qd3+ {[%clk 00:19:11]} {[%emt 00:00:07]}
47. Kc1 {[%clk 01:16:27]} {[%emt 00:00:05]} a2 {[%clk 00:19:32]} {[%emt
00:00:09]} 48. Kb2 {[%clk 01:16:46]} {[%emt 00:00:11]} Qxb1+ {[%clk 00:19:52]}
{[%emt 00:00:10]} 49. Kc3 {[%clk 01:17:10]} {[%emt 00:00:06]} a1=Q+ {[%clk
00:20:17]} {[%emt 00:00:05]} 50. Kc4 {[%clk 01:17:33]} {[%emt 00:00:07]} Qa4+
{[%clk 00:20:37]} {[%emt 00:00:10]} 51. Kc5 {[%clk 01:17:55]} {[%emt 00:00:07]}
Qf5+ {[%clk 00:21:00]} {[%emt 00:00:08]} 52. Kb6 {[%clk 01:18:10]} {[%emt
00:00:15]} Qaa5+ {[%clk 00:21:22]} {[%emt 00:00:08]} 53. Kxb7 {[%clk 01:18:33]}
{[%emt 00:00:06]} Qd7+ {[%clk 00:21:48]} {[%emt 00:00:05]} 54. Kb8 {[%clk
01:18:58]} {[%emt 00:00:05]} Qaa7# {[%clk 00:22:14]} {[%emt 00:00:04]} 0-1